Estadística gráfica

Guardado en:
Detalles Bibliográficos
Autor principal: Henkel, Otto (Autor)
Formato: Libro
Lenguaje:español
Publicado: Barcelona Labor 1940
Edición:3a. ed
Colección:Manuales Técnicos Labor, 13
Materias:
Etiquetas: Agregar Etiqueta
Sin Etiquetas, Sea el primero en etiquetar este registro!

MARC

LEADER 00000nam a2200000 a 4500
001 UCV8406
003 CL-VaPUC
008 910606e19400000SP |||||||||||||||||spa|d
082 0 4 |a 624.1712  |b HEN  |2 21 
100 0 |a Henkel, Otto  |e author  |9 302469 
245 1 0 |a Estadística gráfica 
250 |a 3a. ed 
300 |a 402 p 
942 |c BK 
945 |d 19910606 00:00:00 
260 |a Barcelona  |b Labor  |c 1940 
650 7 |a ESTADISTICA GRAFICA  |2 CL-VaPUC  |9 266601 
583 |a last modification  |c 19910606 00:00:00  |k Rodrigo Vera 
490 0 |a Manuales Técnicos Labor, 13 
999 |c 213926  |d 213924 
952 |0 0  |1 0  |4 0  |6 624_171200000000000_HEN_1940  |7 0  |8 P  |9 196823  |a BIBARQ  |b BIBARQ  |d 2019-11-14  |i 2646099  |o 624.1712 HEN 1940  |p 2646099  |r 2025-01-20  |w 2019-11-14  |y BK  |k ARQ